000 03252nam a22004097a 4500
005 20100915122746.0
008 100915t xxu||||| |||| 00| 0 hin d
010 _aHIN-90499 B-438341-351
020 _a8186209778
_c395.00
035 _aHN-62845 B-438341-351
037 _bDBAD / PUB
037 _bAllied Pub
040 _aDPL
_bHN
082 _a828
100 _aजोशी, शेखर
_920178
245 _aस्मृति में रहें वे /
_cशेखर जोशी
260 _aहापुड़
_bसंभावना प्रकाशन
_c2010
270 _aरेवती कुंज
_bहापुड़
_e245101
300 _a248पृ.
_c22सेमी (सजिल्द)
650 _91159
700 _920179
700 _920333
942 _2ddc
_cHN
_h828
_mजोशीशे
999 _c46232
_d46232